Разработка онлайн-сервиса скорочтения; Информационные технологии в науке, управлении, социальной сфере и медицине; Ч. 1
| Parent link: | Информационные технологии в науке, управлении, социальной сфере и медицине: сборник научных трудов IV Международной научной конференции, 5-8 декабря 2017 г., Томск/ Национальный исследовательский Томский политехнический университет (ТПУ).— , 2017 Ч. 1.— 2017.— [С. 62-65] |
|---|---|
| Автор: | |
| Резюме: | Заглавие с титульного экрана This article examines reasons for development of the online-service speed reading powered by Spritz technology. |
| Мова: | Російська |
| Опубліковано: |
2017
|
| Серія: | Моделирование в научных исследованиях |
| Предмети: | |
| Онлайн доступ: | http://earchive.tpu.ru/handle/11683/46187 |
| Формат: | Електронний ресурс Частина з книги |
| KOHA link: | https://koha.lib.tpu.ru/cgi-bin/koha/opac-detail.pl?biblionumber=625990 |
MARC
| LEADER | 00000naa2a2200000 4500 | ||
|---|---|---|---|
| 001 | 625990 | ||
| 005 | 20231101133405.0 | ||
| 035 | |a (RuTPU)RU\TPU\conf\25286 | ||
| 035 | |a RU\TPU\conf\25285 | ||
| 090 | |a 625990 | ||
| 100 | |a 20180129d2017 k y0rusy50 ca | ||
| 101 | 0 | |a rus |d eng | |
| 102 | |a RU | ||
| 105 | |a y z 101zy | ||
| 135 | |a drcn ---uucaa | ||
| 181 | 0 | |a i | |
| 182 | 0 | |a b | |
| 200 | 1 | |a Разработка онлайн-сервиса скорочтения |d Development of the speedreading online-service |f А. В. Гусаров | |
| 203 | |a Текст |c электронный | ||
| 225 | 1 | |a Моделирование в научных исследованиях | |
| 230 | |a 1 компьютерный файл (pdf; 358 Kb) | ||
| 300 | |a Заглавие с титульного экрана | ||
| 320 | |a [Библиогр.: с. 64-65 (7 назв.)] | ||
| 330 | |a This article examines reasons for development of the online-service speed reading powered by Spritz technology. | ||
| 461 | 1 | |0 (RuTPU)RU\TPU\conf\25267 |t Информационные технологии в науке, управлении, социальной сфере и медицине |o сборник научных трудов IV Международной научной конференции, 5-8 декабря 2017 г., Томск |o в 2 ч. |f Национальный исследовательский Томский политехнический университет (ТПУ) |d 2017 | |
| 463 | 1 | |0 (RuTPU)RU\TPU\conf\25268 |t Ч. 1 |f Национальный исследовательский Томский политехнический университет (ТПУ) ; ред. кол. О. Г. Берестнева ; А. А. Мицель ; Т. А. Гладкова |v [С. 62-65] |d 2017 | |
| 510 | 1 | |a Development of the speedreading online-service |z eng | |
| 610 | 1 | |a электронные ресурсы | |
| 610 | 1 | |a приложения | |
| 610 | 1 | |a разработка | |
| 610 | 1 | |a информационные технологии | |
| 610 | 1 | |a скорочтение | |
| 610 | 1 | |a онлайновая среда | |
| 700 | 1 | |a Гусаров |b А. В. | |
| 801 | 2 | |a RU |b 63413507 |c 20180321 |g RCR | |
| 856 | 4 | |u http://earchive.tpu.ru/handle/11683/46187 | |
| 942 | |c BK | ||